Online
Catalog

Panoplia lírica / (Record no. 7957)

MARC details
000 -CABECERA
campo de control de longitud fija 01320nam a2200277 i 4500
001 - NÚMERO DE CONTROL
campo de control 000008182
003 - IDENTIFICADOR DEL NÚMERO DE CONTROL
campo de control DO-SdBNP
005 - FECHA Y HORA DE LA ÚLTIMA TRANSACCIÓN
campo de control 20240904122151.0
008 - DATOS DE LONGITUD FIJA--INFORMACIÓN GENERAL
campo de control de longitud fija 090915s1945 dr 000 p spa d
040 ## - FUENTE DE LA CATALOGACIÓN
Centro catalogador/agencia de origen DO-SdBNP
Lengua de catalogación spa
Centro/agencia transcriptor BNPHU
Normas de descripción rda
041 ## - CÓDIGO DE LENGUA
Código de lengua del texto/banda sonora o título independiente spa
082 #4 - NÚMERO DE LA CLASIFICACIÓN DECIMAL DEWEY
Número de clasificación 808.5
Número de documento/Ítem H519p 1945
Número de edición 22
100 1# - ENTRADA PRINCIPAL--NOMBRE DE PERSONA
Nombre de persona Henríquez Valdes, Diego,
9 (RLIN) 84976
Código de función/relación aut.
Término indicativo de función/relación autor
245 10 - MENCIÓN DE TÍTULO
Título Panoplia lírica /
Mención de responsabilidad, etc. Diego Henríquez Valdez.
264 ## - PRODUCCIÓN, PUBLICACIÓN, DISTRIBUCIÓN, FABRICACIÓN Y COPYRIGHT
Producción, publicación, distribución, fabricación y copyright Ciudad Trujillo, República Dominicana :
Nombre del de productor, editor, distribuidor, fabricante [Editorial Stella],
Fecha de producción, publicación, distribución, fabricación o copyright 1945.
300 ## - DESCRIPCIÓN FÍSICA
Extensión 103 páginas ;
Dimensiones 22 cm.
500 ## - NOTA GENERAL
Nota general Incluye notas al pie de las páginas
500 ## - NOTA GENERAL
Nota general En la portada : Con los poemas del programa no. 1.
505 ## - NOTA DE CONTENIDO CON FORMATO
Nota de contenido con formato Servio Ducoudray, Félix, 1924-1989 /
Título Acuarela --
Mención de responsabilidad Vizardi, Ligio /
Título Cuando ya no me quieras --
Mención de responsabilidad Nervo, Amado, 1870-1919 /
Título El día que me quieras
Mención de responsabilidad Lara, Maria Victoria de /
Título La princesa Margarita --
Mención de responsabilidad Pedroni, José, 1899-1968 /
Título Maternidad /
Mención de responsabilidad Hugo Victor , 1802-1885 /
Título El aparecido --
Mención de responsabilidad Santos Chocano, José, 1875-1934 /
Título La elegía del órgano --
Mención de responsabilidad Morel, Emilio A. 1854-1903 /
Título San Francisco de Asís entre pájaros --
590 ## - NOTA LOCAL (RLIN)
Nota local Inventariado, 2024/MFF
650 #4 - PUNTO DE ACCESO ADICIONAL DE MATERIA--TÉRMINO DE MATERIA
Término de materia o nombre geográfico como elemento de entrada Elocución
9 (RLIN) 22191
650 #4 - PUNTO DE ACCESO ADICIONAL DE MATERIA--TÉRMINO DE MATERIA
Término de materia o nombre geográfico como elemento de entrada Poesía hispanoamericana
9 (RLIN) 22192
650 #4 - PUNTO DE ACCESO ADICIONAL DE MATERIA--TÉRMINO DE MATERIA
Término de materia o nombre geográfico como elemento de entrada Poesía dominicana
910 ## - DATOS DE OPCIÓN DEL USUARIO (OCLC)
Datos de opción del usuario Validado. Control de calidad MFF
942 ## - ELEMENTOS DE PUNTO DE ACCESO ADICIONAL (KOHA)
Fuente del sistema de clasificación o colocación Dewey Decimal Classification
Tipo de ítem Koha Libro
Holdings
Estado de retiro Estado de pérdida Fuente del sistema de clasificación o colocación Restricciones de uso No para préstamo Código de colección Localización permanente Ubicación/localización actual Ubicación en estantería Fecha de adquisición Total de préstamos Signatura topográfica completa Código de barras Fecha visto por última vez Número de copia Precio válido a partir de Tipo de ítem Koha Nota pública
    Dewey Decimal Classification Préstamo interno   Patrimonio Dominicano Raros y Valiosos Biblioteca Nacional Pedro Henríquez Ureña Biblioteca Nacional Pedro Henríquez Ureña Depósito 30.07.2010   BNPHU DS-RV 808.5 H519p 1945 8182-30 25.06.2020 e. 3 25.06.2020 Libro  
    Dewey Decimal Classification Préstamo interno   Patrimonio Dominicano Raros y Valiosos Biblioteca Nacional Pedro Henríquez Ureña Biblioteca Nacional Pedro Henríquez Ureña Depósito 09.09.2011   BNPHU DS-RV 808.5 H519p 1945 8182-40 25.06.2020 e. 4 25.06.2020 Libro  
    Dewey Decimal Classification Excluido de préstamo   Raros y valiosos Biblioteca Nacional Pedro Henríquez Ureña Biblioteca Nacional Pedro Henríquez Ureña Depósito 15.09.2009   BNPHU PD-RV 808.5 H519p 1945 8182-10 25.06.2020   25.06.2020 Libro Perteneció a la biblioteca personal de Martínez Boog.
    Dewey Decimal Classification Excluido de préstamo   Patrimonio Dominicano Raros y Valiosos Biblioteca Nacional Pedro Henríquez Ureña Biblioteca Nacional Pedro Henríquez Ureña Depósito 15.09.2009   BNPHU PD-RV 808.5 H519p 1945 8182-20 25.06.2020 e. 2 25.06.2020 Libro  

Powered by Koha